| 000 | 00888cab a2200265 4500 | ||
|---|---|---|---|
| 001 | WB3506-44 | ||
| 008 | 090401t1999 xxu||||| |||| 00| 0 eng d | ||
| 035 | _a(Sirsi) u91244 | ||
| 041 | _aeng | ||
| 245 | _aFirst green belts in Wales | ||
| 260 | _c1999 | ||
| 350 | _a0 | ||
| 490 |
_aWestern Mail _v9 February 1999, 2:1(1) |
||
| 520 | _aSouth Wales local authorities have produced a draft for common planning guidance for the region. It attempts to promote the environment through various measures including brownfield site development and introduction of green belts. | ||
| 650 | _aBROWNFIELD SITES | ||
| 650 | _aGREEN BELTS | ||
| 650 | _aPUBLIC TRANSPORT | ||
| 650 | _aREGIONAL PLANNING GUIDANCE | ||
| 650 | _aSOUTH WALES | ||
| 650 | _aTOWN CENTRES | ||
| 650 | _aUNITARY DEVELOPMENT PLANS | ||
| 690 | _aPLANNING LAW AND PRACTICE | ||
| 942 | _n0 | ||
| 948 | _c11/02/1999 | ||
| 999 |
_c57898 _d57898 |
||